O princípe subsidiarity vo verejnej správe

Kľúčový význam princípu subsidiarity v decentralizačných procesoch. Charakteristika princípu subsidiarity. Niektoré zahraničné skúsenosti. Prínosy a riziká implementácie princípu subsidiarity. Kontrolné systémy a implementácia princípu subsidiarity.

Na minha lista:
Detalhes bibliográficos
Autor principal: Kukliš, Peter
Formato: Capítulo de Livro
Idioma:eslovaco
Assuntos:
Tags: Adicionar Tag
Sem tags, seja o primeiro a adicionar uma tag!

MARC

LEADER 00000naa$a2200000$$$4500
001 0004755
005 20230929081203.7
041 0 |a slo 
044 |a SK 
245 1 0 |a O princípe subsidiarity vo verejnej správe  |c aut. Peter Kukliš 
520 |a Kľúčový význam princípu subsidiarity v decentralizačných procesoch. Charakteristika princípu subsidiarity. Niektoré zahraničné skúsenosti. Prínosy a riziká implementácie princípu subsidiarity. Kontrolné systémy a implementácia princípu subsidiarity. 
610 2 0 |a decentralizácia 
610 2 0 |a subsidiarita 
610 2 0 |a Európska únia 
610 2 0 |a Slovensko 
610 2 0 |a správa verejná 
610 2 0 |a spoločnosť občianska 
610 2 0 |a kontrola administratívna 
100 1 |a Kukliš, Peter